Ženská výbava v litoměřickém městském právu v předhusitské době

Titel: Ženská výbava v litoměřickém městském právu v předhusitské době
Verfasser:
In: Porta Bohemica, Band 4 (2007), Seite 54-91
alle Artikel anzeigen
Veröffentlicht: 2007
Format: Aufsatz
Sprache: Tschechisch
Kein Bild verfügbar
X
alg: 39318376
001A    $01999:11-11-16 
001B    $06050:05-06-24 $t16:37:29.000 
001D    $01999:11-11-16 
001U    $0utf8 
001X    $00 
002@    $0Aox 
003@    $0393183769 
007A    $0393183769 $aHEB 
007T    $0Herdpp120152 
010@    $acze 
011@    $a2007 
021A    $aŽenská výbava v litoměřickém městském právu v předhusitské době 
028A    $aMareš $dJan 
031A    $d4 $h54-91 $j2007 
037A    $aRés. něm. s. 91: Die Gerade im Leitmeritzer Stadtrecht in der vorhussitischer Zeit 
039B    $aIn $8--Abvc--. Porta Bohemica. - Litoměřice : [Verlag nicht ermittelbar], 2001- $x200700000040000946 $9110372816 
045T    $aOST $qDE-12 $2FID 

lok: 39318376 78

exp: 39318376 78 1 #EPN
201B/01 $026-11-17 $t02:17:26.000 
201U/01 $0utf8 
203@/01 $0789294125 
208@/01 $a11-11-16 $be 
209A/01 $a/ $f000 $x00 
220C/01 $aHerkunft: Hú Av Čr Praha 
244Z/01 $#Tschechien $#Tschechische Republik $#Tschechische Republik $#Tschechenland $#Tschechei Tschechien $#Česká Republika $#Czech Republic $#ČR $74303381-7 $8--Tg1--Tschechien $x01 $9086659812 
244Z/01 $2Trx $#Böhmen $#Bohemia $#Czechy $8--Trx--Čechy $x02 $9391188941 
244Z/01 $2Trx $#Leitmeritz Region $8--Trx--Litoměřicko $x03 $939118735X 
244Z/01 $2Trx $#linnaõigus $#miestų teisė $#city law $#városjog $#prawa miejskie $#právo mestské $#právo městské $8--Trx--Stadtrecht $x04 $9391355015 
244Z/01 $2Trx $#seaduse ajalugu teaduslik $#teisės istorija mokslas $#judicial history $#jogtörténet tudomány $#historia prawa nauka $#dejiny práva náuka $#dějiny práva nauka $8--Trx--Rechtsgeschichte$gWissenschaft $x05 $9391364723 
244Z/01 $2Trx $#naised $#moterys $#sievietes $#women $#kobiety $#ženy $#ženy $8--Trx--Frauen $x06 $9391361066 
244Z/01 $2Trx $#seadus, Magdebrug $#teisė, Magdeburgo $#Law of Magdeburg $#jog, magdeburgi $#prawo magdeburskie $#právo magdeburské $#právo magdeburské $8--Trx--Recht, Magdeburger $x07 $9391358855 
244Z/01 $apostavení žen $x08 
244Z/01 $2Trx $8--Trx--Zeitschriftenaufsatz $x09 $9391384341 
247C/01 $82080>Marburg/Lahn, Herder-Institut, Forschungsbibliothek, Bibliographieportal $9336309341
LEADER 00000caa a22000002c 4500
001 393183769
003 DE-603
005 20240605163729.0
007 tu
008 161111s2007 xx |||| | u00||u|cze c
035 |a (DE-599)HEB393183769 
040 |a DE-603  |b ger  |c DE-603  |d DE-603 
041 |a cze 
084 |a OST  |q DE-12  |2 fid 
100 1 |a Mareš, Jan 
245 0 0 |a Ženská výbava v litoměřickém městském právu v předhusitské době 
264 0 |c 2007 
500 |a Rés. něm. s. 91: Die Gerade im Leitmeritzer Stadtrecht in der vorhussitischer Zeit 
773 0 8 |i In  |t Porta Bohemica  |d Litoměřice : [Verlag nicht ermittelbar], 2001-  |g Band 4 (2007), Seite 54-91  |w (DE-603)110372816  |w (DE-600)2104026-6 
924 0 |9 2080  |a (DE-603)789294125  |b DE-2080  |c HES  |d d  |g /